[Event "OP-2014-0-03342"]
[Site "LSS email"]
[Date "2014.03.18"]
[Round "?"]
[White "Malyszek, Tomasz"]
[Black "Kramskoi, Vasyl"]
[Result "0-1"]
[WhiteElo "850"]
[BlackElo "1124"]
[PlyCount "106"]
[EventDate "2014.03.15"]
[EventType "tourn (corr)"]
[EventRounds "4"]
[EventCountry "GER"]
[SourceTitle "Telechess CBM 167"]
[Source "ChessBase"]
[SourceDate "2015.07.13"]
[SourceVersion "1"]
[SourceVersionDate "2015.07.13"]
[SourceQuality "1"]

1. e4 c5 2. Nf3 e6 3. Nc3 a6 4. d4 cxd4 5. Nxd4 b5 6. Bd3 b4 7. Nce2 Nf6 8. Bg5 Bb7 9. 0-0 h6 10. Bxf6 Qxf6 11. c3 bxc3 12. bxc3 Bc5 13. Nb3 Bb6 14. c4 d6 15. Rb1 Nd7 16. Nd2 Bc6 17. Nf3 0-0 18. Ng3 Bc5 19. Nh5 Qd8 20. Qd2 Ne5 21. Nxe5 dxe5 22. Qe2 g6 23. Ng3 h5 24. Rbd1 h4 25. Bc2 Qa5 26. Nh1 Qxa2 27. Ra1 Qb2 28. Rab1 Qa3 29. Qd2 Rab8 30. Rxb8 Rxb8 31. g3 hxg3 32. Nxg3 Bd4 33. Qg5 Qf3 34. Bd1 Bxf2+ 35. Rxf2 Qxd1+ 36. Nf1 Qa1 37. h4 Qd4 38. Qf6 Rf8 39. h5 Qxe4 40. Ng3 Qg4 41. Qxe5 gxh5 42. Qf4 a5 43. Qxg4+ hxg4 44. Ra2 a4 45. Ne2 Rd8 46. Kf2 f5 47. Nf4 e5 48. Ng6 Re8 49. Kg3 e4 50. Nf4 Kf7 51. Ne2 Rd8 52. Kf4 Kf6 53. Nc3 Rd3 0-1